000 00788nam a2200205 i 4500
001 168238
003 ES-MaACL
005 20250920063110.0
008 010221s1891 sp |||| | spa d
100 1 _aZozaya, Antonio,
_d1859-1943
_9118374
245 1 3 _aLa crisis religiosa /
_cpor Antonio Zozaya.
260 _aMadrid :
_bAdministración de la Biblioteca Económica Filosófica,
_c1891.
300 _aVIII, 224 p. ;
_c18 cm.
594 _aPrecede al tít.: La crisis contemporánea.
596 _aMarca tip. en port.
597 _aAntep.
650 4 _aPensamiento religioso-
_yS.XIX.
_9172389
852 _aES-MaACL
_jT-756-F-4
_z- Enc. hol., conservando la enc. original
_z- Enc. en un vol. facticio
_z- Dedicatoria autógrafa del autor
999 _c168238
_d168238